linguistic features of english texts introducing transport services /

This study aims at examining linguistic features of English Texts Introducing Transport Services (ETITSs). The data for analysis in this thesis are 108 samples of ETITSs collected from the official websites of well-known transport companies in three English-speaking countries namely the United State...

Descrición completa

Gardado en:
Detalles Bibliográficos
Autor Principal: Huỳnh Thị Anh Trâm
Outros autores: Nguyễn Thị quỳnh Hoa (éupervisor)
Formato: Libro
Idioma:English
Publicado: ĐHĐN : ĐHĐN. 2015
Những chủ đề:
Các nhãn: Engadir etiqueta
Sen Etiquetas, Sexa o primeiro en etiquetar este rexistro!
Thư viện lưu trữ: Mạng thư viện Đại học Đà Nẵng
LEADER 04217nam a22003731a 4500
001 000035503
003 11789
005 20221129143834.0
008 160108s2015 000 eng
041 |a LNN 
041 |a ENG 
082 |a 420.4  |b HU-T 
100 |a Huỳnh Thị Anh Trâm 
245 0 |a linguistic features of english texts introducing transport services /  |c Huỳnh Thị Anh Trâm; Nguyễn Thị Quỳnh Hoa supervisor. 
260 |c 2015  |a ĐHĐN :  |b ĐHĐN. 
300 |a 97tr . : ;  |c 30cm+. 
520 |a This study aims at examining linguistic features of English Texts Introducing Transport Services (ETITSs). The data for analysis in this thesis are 108 samples of ETITSs collected from the official websites of well-known transport companies in three English-speaking countries namely the United States, the United Kingdom and Australia. The study was conducted based on the combination of a variety of methods such as descriptive, analytic and inductive ones. The study focuses on analyzing linguistic features of ETITSs in terms of their syntactic features, lexical choices, cohesive devices and stylistic devices. The findings of this study are clearly presented based on a survey of 108 English Texts Introducing Transport Services. With regard to syntactic features, relative clauses, the passive voice and imperative sentences are the most striking structures in ETITSs. Furthermore, descriptive adjectives, proper nouns and the commissive verbs are prominent lexical choices in ETITSs. In addition, the investigation of cohesive devices reveals that reference, conjunction and repetition are the devices employed with a high frequency. Finally, the stylistic devices commonly used in ETITSs are hyperbole and rhetoric questions. On the basis of the findings, some practical implications for teaching and learning English are suggested. The study provides a better insight into linguistic features of texts in general as well as English Texts Introducing Transport Services in particular. It is hoped that the findings of this thesis will be useful for those who are interested in texts, especially English Texts Introducing Transport Services. 
650 |a linguistic features of english texts introducing transport services 
653 |a linguistic features  |a introducing transport services 
700 |a Nguyễn Thị quỳnh Hoa  |e éupervisor 
OWN |a LNN 
902 |a Luận văn thạc sĩ 
AVA |a UDN50  |b LNN  |c English  |d 420.4 HU-T  |e available  |t Error 5001 Not defined in file expand_doc_bib_avail.  |f 1  |g 0  |h N  |i 0  |j AN  |k 1 
Z40 3 |y linguistic features of english texts introducing transport services /  |l Library of UFL  |t VIEW  |x http://catalog.udn.vn:80/F?func=service&doc_library=UDN01&local_base=UDN01&doc_number=000035503&sequence=000001&line_number=0001&func_code=DB_RECORDS&service_type=MEDIA  |f TOMTAT_000011881.pdf  |e pdf  |s 000248528  |k 20210809  |m NTMTHI 
Z40 3 |y linguistic features of english texts introducing transport services /  |l Library of UFL  |t VIEW  |x http://catalog.udn.vn:80/F?func=service&doc_library=UDN01&local_base=UDN01&doc_number=000035503&sequence=000002&line_number=0002&func_code=DB_RECORDS&service_type=MEDIA  |f LUANVAN_000011883.pdf  |e pdf  |s 001352992  |k 20210809  |m NTMTHI 
999 |a From the UDN01 
AVA |a UDN50  |b LNN  |c English  |d 420.4 HU-T  |e available  |t Error 5001 Not defined in file expand_doc_bib_avail.  |f 1  |g 0  |h N  |i 0  |j AN  |k 1 
TYP |a Monograph 
TYP |a Printed language 
856 |y linguistic features of english texts introducing transport services /  |l Library of UFL  |t VIEW  |x http://catalog.udn.vn:80/F?func=service&doc_library=UDN01&local_base=UDN01&doc_number=000035503&sequence=000001&line_number=0001&func_code=DB_RECORDS&service_type=MEDIA  |f TOMTAT_000011881.pdf  |e pdf  |s 000248528  |k 20210809  |m NTMTHI 
856 |y linguistic features of english texts introducing transport services /  |l Library of UFL  |t VIEW  |x http://catalog.udn.vn:80/F?func=service&doc_library=UDN01&local_base=UDN01&doc_number=000035503&sequence=000002&line_number=0002&func_code=DB_RECORDS&service_type=MEDIA  |f LUANVAN_000011883.pdf  |e pdf  |s 001352992  |k 20210809  |m NTMTHI 
980 |a Mạng thư viện Đại học Đà Nẵng